[Event "Sharjah Rapid op 27th"]
[Site "Sharjah"]
[Date "2022.04.07"]
[Round "7"]
[White "Ghaith, Ahmed"]
[Black "Raji Sayel, Abu Azizah"]
[Result "0-1"]
[WhiteElo "1440"]
[BlackElo "1874"]
[PlyCount "64"]
[EventDate "2022.04.06"]
[EventType "swiss (rapid)"]
[EventRounds "9"]
[EventCountry "UAE"]
[SourceTitle "CBM 207 Extra"]
[Source "ChessBase"]
[SourceDate "2022.05.31"]
[SourceVersion "1"]
[SourceVersionDate "2022.05.31"]
[SourceQuality "1"]

1. e4 c5 2. Nc3 g6 3. f4 Bg7 4. Nf3 Nc6 5. Bb5 Nd4 6. Bd3 d6 7. Nxd4 Bxd4 8. Bb5+ Bd7 9. Bxd7+ Qxd7 10. d3 b5 11. Qe2 e6 12. Be3 Bg7 13. a3 Ne7 14. 0-0 0-0 15. Qd2 a5 16. d4 b4 17. axb4 axb4 18. Ne2 Qc6 19. Ng3 h5 20. e5 Nd5 21. Ne4 dxe5 22. dxe5 c4 23. c3 b3 24. Nd6 Rfd8 25. Bd4 Bf8 26. Ne4 Nc7 27. Qe3 Nb5 28. Bb6 Rd3 29. Nf6+ Kg7 30. Qf2 Rad8 31. Bxd8 Bc5 32. Ne8+ Kf8 0-1

[Event "UAE-ch President Cup"]
[Site "Abu Dhabi"]
[Date "2019.12.21"]
[Round "7"]
[White "Ghaith, Ahmed"]
[Black "Hamad, Bader"]
[Result "0-1"]
[WhiteElo "1453"]
[BlackElo "1535"]
[PlyCount "82"]
[EventDate "2019.12.15"]
[EventType "swiss"]
[EventRounds "9"]
[EventCountry "UAE"]
[SourceTitle "CBM 193 Extra"]
[Source "ChessBase"]
[SourceDate "2020.01.31"]
[SourceVersion "1"]
[SourceVersionDate "2020.01.31"]
[SourceQuality "1"]

1. e4 Nf6 2. e5 Nd5 3. d4 d6 4. c4 Nb6 5. Nf3 Bg4 6. exd6 exd6 7. Be3 Be7 8. Be2 0-0 9. 0-0 Nc6 10. b3 Bf6 11. Nc3 Re8 12. Qd2 a5 13. Rfe1 Nb4 14. Rac1 d5 15. c5 Nc8 16. h3 Bxf3 17. Bxf3 c6 18. Ne2 Ne7 19. Ng3 g6 20. a3 Na6 21. b4 axb4 22. axb4 Nc7 23. Ra1 h5 24. Bg5 Rxa1 25. Rxa1 Nf5 26. Bxf6 Qxf6 27. Nxf5 Qxf5 28. Ra7 Rb8 29. Ra1 Ne6 30. Re1 Ra8 31. Kh2 Ra3 32. Rd1 Nf4 33. Be2 Rxh3+ 34. Kg1 Rb3 35. Bf1 Kg7 36. Kh2 Ne6 37. Bd3 Qf4+ 38. Qxf4 Nxf4 39. Bf1 Rxb4 40. g3 Ne6 41. Bh3 f5 0-1

[Event "UAE President Cup U14"]
[Site "Ajman"]
[Date "2019.01.03"]
[Round "2"]
[White "Ammar, Sedrani"]
[Black "Ghaith, Ahmed"]
[Result "1-0"]
[WhiteElo "2068"]
[BlackElo "1356"]
[PlyCount "51"]
[EventDate "2019.01.02"]
[EventType "swiss"]
[EventRounds "9"]
[EventCountry "UAE"]
[SourceTitle "CBM 188 Extra"]
[Source "ChessBase"]
[SourceDate "2019.02.26"]
[SourceVersion "1"]
[SourceVersionDate "2019.02.26"]
[SourceQuality "1"]

1. d4 c5 2. d5 g6 3. e4 Bg7 4. Nc3 d6 5. Bb5+ Bd7 6. a4 a6 7. Be2 Nf6 8. Nf3 0-0 9. Nd2 Re8 10. 0-0 b6 11. Nc4 Qc7 12. Bf4 Bc8 13. e5 dxe5 14. Bxe5 Qd8 15. Bf3 Bb7 16. Re1 Nbd7 17. Bg3 Nf8 18. h3 Rc8 19. Qd3 b5 20. axb5 axb5 21. Na5 c4 22. Nxb7 cxd3 23. Nxd8 Rcxd8 24. Nxb5 Rc8 25. cxd3 e6 26. Nd6 1-0